[Event "Gideon Japhet ACP Open 2018"]
[Site "Jerusalem"]
[Date "2018.07.03"]
[Round "4"]
[White "Steinberg, Nitzan"]
[Black "Kudischewitsch, David"]
[Result "1/2-1/2"]
[WhiteElo "2521"]
[BlackElo "2356"]
[Annotator "ChessBase"]
[PlyCount "126"]
[EventDate "2018.07.01"]
[EventType "swiss"]
[EventCountry "ISR"]
[SourceTitle "playchess.com"]
[Source "ChessBase"]
[SourceQuality "1"]
[TimeControl "40/5400+30:1800+30"]

1. e4 d5 {[%emt 0:00:00]} 2. exd5 {[%emt 0:00:00]} Qxd5 {[%emt 0:00:00]} 3. Nc3 {[%emt 0:00:00]} Qd6 {[%emt 0:00:05]} 4. d4 {[%emt 0:00:22]} Nf6 {[%emt 0:00:15]} 5. Nf3 {[%emt 0:00:01]} c6 {[%emt 0:00:33]} 6. Be3 {[%emt 0:00:22]} Bf5 {[%emt 0:00:17]} 7. Bd3 {[%emt 0:13:23]} Bxd3 {[%emt 0:00:06]} 8. Qxd3 {[%emt 0:00:04]} Nbd7 {[%emt 0:00:16]} 9. O-O-O {[%emt 0:01:29]} e6 {[%emt 0:00:08]} 10. Rhe1 {[%emt 0:02:52]} Be7 {[%emt 0:01:10]} 11. h3 {[%emt 0:04:08]} h6 {[%emt 0:00:33]} 12. Kb1 {[%emt 0:04:13]} O-O-O {[%emt 0:00:15]} 13. Ne4 {[%emt 0:01:55]} Nxe4 {[%emt 0:06:59]} 14. Qxe4 {[%emt 0:00:04]} Qd5 {[%emt 0:00:33]} 15. Qd3 {[%emt 0:00:47]} Bd6 {[%emt 0:16:53]} 16. c4 {[%emt 0:00:53]} Qf5 {[%emt 0:00:31]} 17. Qxf5 {[%emt 0:02:26]} exf5 {[%emt 0:00:01]} 18. c5 {[%emt 0:01:10]} Bc7 {[%emt 0:02:50]} 19. d5 {[%emt 0:00:05]} cxd5 {[%emt 0:00:19]} 20. Rxd5 {[%emt 0:00:15]} g6 {[%emt 0:00:02]} 21. Kc2 {[%emt 0:25:58]} Rde8 {[%emt 0:05:17]} 22. Red1 {[%emt 0:02:27]} Nf6 {[%emt 0:00:09]} 23. R5d3 {[%emt 0:00:21]} Ne4 {[%emt 0:02:00]} 24. b4 {[%emt 0:00:39]} a6 {[%emt 0:00:13]} 25. a4 {[%emt 0:00:57]} Rd8 {[%emt 0:05:24]} 26. Kb3 {[%emt 0:06:45]} Rxd3+ {[%emt 0:00:22]} 27. Rxd3 {[%emt 0:00:04]} Re8 {[%emt 0:00:52]} 28. Kc4 {[%emt 0:02:57]} f4 {[%emt 0:02:04]} 29. Bd4 {[%emt 0:02:27]} g5 {[%emt 0:00:05]} 30. b5 {[%emt 0:04:52]} f5 {[%emt 0:00:28]} 31. b6 {[%emt 0:05:24]} Bb8 {[%emt 0:04:30]} 32. Nd2 {[%emt 0:00:20]} Be5 {[%emt 0:02:35]} 33. f3 {[%emt 0:02:56]} Nxd2+ {[%emt 0:06:13]} 34. Rxd2 {[%emt 0:00:04]} Bxd4 {[%emt 0:00:06]} 35. Rxd4 {[%emt 0:04:26]} Re2 {[%emt 0:00:12]} 36. Rd6 {[%emt 0:00:37]} Rxg2 {[%emt 0:00:07]} 37. Rxh6 {[%emt 0:00:50]} g4 {[%emt 0:00:27]} 38. hxg4 {[%emt 0:02:32]} fxg4 {[%emt 0:00:08]} 39. fxg4 {[%emt 0:01:24]} f3 {[%emt 0:01:37]} 40. Rf6 {[%emt 0:01:19]} Rxg4+ {[%emt 0:01:44]} 41. Kd5 {[%emt 0:30:30]} Rxa4 {[%emt 0:35:04]} 42. Rxf3 {[%emt 0:05:43]} Rh4 {[%emt 0:00:29]} 43. Rf5 {[%emt 0:00:00]} Rh8 {[%emt 0:00:00]} 44. Rf7 {[%emt 0:00:00]} Rh5+ {[%emt 0:00:00]} 45. Kd6 {[%emt 0:00:00]} Rh6+ {[%emt 0:00:00]} 46. Ke7 {[%emt 0:00:00]} Rh8 {[%emt 0:00:00]} 47. Rf6 {[%emt 0:00:00]} Rg8 {[%emt 0:00:00]} 48. Ke6 {[%emt 0:00:00]} Rh8 {[%emt 0:00:00]} 49. Kd5 {[%emt 0:00:00]} Rd8+ {[%emt 0:00:00]} 50. Kc4 {[%emt 0:00:00]} Rd1 {[%emt 0:00:00]} 51. Rf8+ {[%emt 0:00:00]} Rd8 {[%emt 0:00:00]} 52. Rf7 {[%emt 0:00:00]} Rd1 {[%emt 0:00:00]} 53. Rf8+ {[%emt 0:00:00]} Rd8 {[%emt 0:00:00]} 54. Rf1 {[%emt 0:00:00]} Rd2 {[%emt 0:00:00]} 55. Kc3 {[%emt 0:00:00]} Rd5 {[%emt 0:00:00]} 56. Rf8+ {[%emt 0:00:00]} Rd8 {[%emt 0:00:00]} 57. Rf6 {[%emt 0:00:00]} Rd1 {[%emt 0:00:00]} 58. Kc4 {[%emt 0:00:00]} Rc1+ {[%emt 0:00:00]} 59. Kd5 {[%emt 0:00:00]} Rd1+ {[%emt 0:00:00]} 60. Ke5 {[%emt 0:00:00]} Re1+ {[%emt 0:00:00]} 61. Kd6 {[%emt 0:00:00]} Rd1+ {[%emt 0:00:00]} 62. Ke7 {[%emt 0:00:00]} Re1+ {[%emt 0:00:00]} 63. Kd6 {[%emt 0:00:00]} Rd1+ {[%emt 0:00:00]} 1/2-1/2

[Event "Gideon Japhet ACP Open 2018"]
[Site "Jerusalem"]
[Date "2018.07.03"]
[Round "4"]
[White "Zanan, Evgeny"]
[Black "Muzychuk, Mariya"]
[Result "1/2-1/2"]
[WhiteElo "2497"]
[BlackElo "2521"]
[Annotator "TA"]
[PlyCount "111"]
[EventDate "2018.07.01"]
[EventType "swiss"]
[EventCountry "ISR"]
[SourceTitle "playchess.com"]
[Source "ChessBase"]
[SourceQuality "1"]

{[%evp 20,111,23,23,23,23,20,31,74,10,29,29,27,22,52,45,42,50,49,49,49,45,42,52,64,57,58,59,52,60,61,59,114,117,110,109,147,142,122,144,173,172,161,131,102,148,119,111,105,56,95,62,62,62,62,62,62,62,71,71,71,39,46,12,123,45,48,45,40,50,47,0,0,0,0,0,0,0,0,0,0,0,0,0,0,0,0,0,0,0,0,0,0,0]} 1. d4 Nf6 2. c4 e6 3. Nc3 Bb4 4. Qc2 d5 5. a3 Bxc3+ 6. Qxc3 O-O 7. Bg5 dxc4 {E36: Nimzoindisch (4.Dc2)} 8. Qxc4 b6 9. Rd1 Ba6 10. Qa4 Qd7 (10... h6 11. Bh4 Qe7 12. Nf3 Rd8 13. e3 Bxf1 14. Rxf1 c5 15. dxc5 Rxd1+ 16. Qxd1 {½-½ (24) Mamedyarov,S (2808)-Nakamura,H (2769) Stavanger 2018}) 11. Qc2 {[#] LiveBook: 19 Partien} c5 $1 {[%mdl 512]} 12. Bxf6 (12. dxc5 Qc6) 12... gxf6 13. dxc5 {[#]} Qc6 $146 {[#]} ({Vorgänger:} 13... Qc7 14. h4 Nd7 15. Rh3 Nxc5 {½-½ (33) Girya,O (2484)-Gunina,V (2510) St Petersburg 2017}) 14. Nf3 (14. h4 $1 $16) 14... Nd7 15. Nd4 Qxc5 16. Qa4 Qa5+ 17. Qxa5 bxa5 18. e3 Bxf1 19. Rxf1 Ne5 20. Ke2 $36 {[%mdl 2048] Schwarz steht unter Druck.} Rab8 21. b3 Ng6 22. Rb1 Rfc8 23. Rfc1 Ne7 24. Rxc8+ Rxc8 $14 {[%mdl 4096] Endspiel KTS-KTS} 25. Rb2 e5 {[#]} (25... Rb8 $14) 26. Nb5 $1 $16 a6 27. Nd6 Rc1 28. g4 Kg7 29. Rd2 Kg6 30. Ne4 a4 31. bxa4 Rc4 32. f3 Rxa4 33. Rd7 Ng8 34. Rd3 Ne7 35. h4 h5 $1 36. Rd7 Ng8 $1 {Weiss sollte ...hxg4 verhindern.} 37. gxh5+ Kxh5 38. Rxf7 {Droht stark Tf8.} Kg6 39. Rf8 Kg7 40. Rb8 (40. Nc5 $5 {[%cal Rf8g8]} Rxh4 41. Ra8 $16) 40... Rxa3 41. Rb7+ Kf8 (41... Kg6 $11 {bleibt in der Remisbreite.}) 42. Nd6 ({Besser ist} 42. Rh7 $16 {Droht Sd6 und aus.} Ra2+ 43. Ke1 Ra1+ 44. Ke2) 42... Ra2+ $14 43. Kd3 {[%csl Gd6][%cal Rb7f7]} Ne7 44. h5 {Und h6 würde nun gewinnen.} Ra1 $1 {[%cal Ra1d1] Weiss muss nun ...Td1+ beachten.} 45. Kc2 Rh1 {Die Stellung ist ausgeglichen.} 46. Rb8+ Kg7 47. Re8 Nd5 48. e4 Ne3+ 49. Kd3 Rd1+ 50. Kxe3 Rxd6 $11 {KT-KT} 51. f4 exf4+ 52. Kxf4 Rd1 53. Re7+ Kh6 54. Re6 Rf1+ 55. Ke3 Kxh5 56. Rxa6 {Precision: Weiß = 72%, Schwarz = 63%.} 1/2-1/2

[Event "Gideon Japhet ACP Open 2018"]
[Site "Jerusalem"]
[Date "2018.07.03"]
[Round "4"]
[White "Oratovsky, Michael"]
[Black "Naiditsch, Arkadij"]
[Result "0-1"]
[WhiteElo "2461"]
[BlackElo "2697"]
[Annotator "TA"]
[PlyCount "66"]
[EventDate "2018.07.01"]
[EventType "swiss"]
[EventCountry "ISR"]
[SourceTitle "playchess.com"]
[Source "ChessBase"]
[SourceQuality "1"]

{[%evp 22,66,19,21,9,8,9,10,20,0,16,30,26,26,34,27,30,16,30,37,16,12,20,15,16,20,55,22,169,181,193,203,271,189,331,320,312,312,314,310,314,-531,-569,-563,-547,-1237,-541]} 1. e4 c5 2. Nf3 e6 3. g3 Nc6 4. Bg2 Nf6 5. d3 d5 6. Nbd2 Be7 7. O-O O-O 8. Re1 Qc7 9. c3 {[%cal Bc2c3,Bc3c4][%mdl 32]} b5 10. exd5 {C00: French: Unusual White 2nd moves} Nxd5 11. a4 b4 12. c4 {LiveBook: 3 Games. The position is equal.} Nf6 13. Nb3 Bb7 14. Bf4 Qc8 15. Qe2 Rd8 16. Rad1 h6 $146 ({Predecessor:} 16... Nd7 17. Ng5 Nf8 {1-0 (39) Hendriks,W (2411)-Kollen,Z (2307) Dieren 2017}) 17. Be3 Nd7 18. Nfd2 Qc7 19. Ne4 {[%cal Re4c5]} Na5 20. Nxa5 Qxa5 21. b3 Qc7 22. d4 cxd4 23. Bxd4 e5 24. Bb2 f5 {[#]} (24... Nf8 $11) 25. Nd6 $1 $18 {[%cal Rd6b7][%mdl 512]} Bxd6 26. Bxb7 Rab8 27. Qd3 Bc5 (27... Rxb7 {was worth a try.} 28. Qxd6 Qxd6 29. Rxd6 Re8) 28. Qd5+ Kh8 29. Bc6 {[%cal Rc6d7]} (29. Bxe5 Nxe5 30. Qxe5 Bd6 $11) 29... Bxf2+ 30. Kxf2 {[%cal Rc6d7]} Nf6 31. Qc5 $4 {[%mdl 8192]} ({Not} 31. Bxe5 Ng4+ 32. Kg1 Nxe5 $16) (31. Qg2 $18 {and life is good for White.}) 31... Rxd1 $19 {Black is clearly winning.} 32. Bxe5 Ng4+ 33. Kf3 Rd3+ {Precision: White = 58%, Black = 57%.} (33... Qd8 $142 34. Bxg7+ Kxg7 35. Qe7+ Qxe7 36. Rxe7+ Kf6 37. Rxa7 Rd2) 0-1

[Event "Gideon Japhet ACP Open 2018"]
[Site "Jerusalem"]
[Date "2018.07.03"]
[Round "4"]
[White "Ushenina, Anna"]
[Black "Zisman, Philip"]
[Result "1-0"]
[WhiteElo "2447"]
[BlackElo "2293"]
[Annotator "TA"]
[PlyCount "198"]
[EventDate "2018.07.01"]
[EventType "swiss"]
[EventCountry "ISR"]
[SourceTitle "playchess.com"]
[Source "ChessBase"]
[SourceQuality "1"]

{[%evp 16,198,17,22,44,42,68,68,62,71,68,66,72,78,80,73,81,76,69,72,75,60,89,85,230,153,262,256,220,253,393,266,354,358,328,237,208,200,240,175,185,164,189,191,184,184,182,140,169,146,164,132,238,72,85,57,71,65,68,60,60,19,100,88,87,86,92,63,91,90,268,268,268,268,268,268,260,260,249,247,347,333,400,372,1568,1521,1342,1273,1180,1050,12832,12833,12823,12833,12851,12851,12851,12851,12851,12851,12851,12851,12851,12851,12851,12851,12851,12851,12851,12851,12851,12851,12851,12851,12851,12851,12851,12851,12851,12851,12851,12851,29967,29968,29961,29964,29967,29971,29961,12851,29972,12851,12851,12851,12851,12851,29969,12851,12851,12851,12851,12851,12851,12851,12851,12851,12851,12851,12851,12851,12851,12851,12851,12851,12851,12851,12851,12851,12851,12851,12851,12851,12851,12851,12851,12851,29985,29984,29986,29982,29986,29987,29987,29988,29988,29989,29989,29989,29989,29990,29991,29992,29998,29999,29999]} 1. d4 Nf6 2. c4 e5 3. dxe5 Ng4 4. e3 Nxe5 5. Nh3 Bb4+ 6. Bd2 Bxd2+ 7. Qxd2 d6 8. Nf4 Nbd7 {A52: Budapest Gambit} 9. Nc3 {LiveBook: 4 Games} Nf6 (9... a5 10. Be2 O-O 11. O-O Nc5 12. Rfd1 Bg4 13. f3 Bd7 14. Qe1 f5 15. Qg3 Nf7 16. Bd3 {1-0 (37) Miton,K (2603)-Czakon,J (2475) Gorzow Wielkopolski 2014}) 10. Be2 {[%cal Bf1e2,Be2f3,Bf3e4][%mdl 32]} Be6 $146 {White is slightly better.} ({Predecessor:} 10... Bf5 11. f3 Be6 12. b3 g5 13. Nxe6 fxe6 14. f4 gxf4 15. exf4 Ng6 16. Bf3 {0-1 (38) Manninen,M (2395)-Ketola,V (2124) Finland 2004}) 11. Nxe6 fxe6 12. f4 Nc6 13. Bf3 Qe7 14. O-O O-O 15. g4 Nd7 16. Qg2 Rab8 17. Rad1 Nd8 18. Be4 c6 19. Bb1 e5 (19... g6 $16) 20. Ne4 Nf7 {[#]} (20... exf4 $16 21. exf4 Ne6) 21. g5 $1 $18 exf4 22. exf4 Qe6 (22... Rfe8 {was called for.} 23. f5 Qe5) 23. Kh1 {aiming for Rfe1.} Kh8 24. b3 d5 25. cxd5 cxd5 26. Nc3 Nb6 27. Nxd5 Nxd5 28. Rxd5 Rbd8 29. Rxd8 Nxd8 30. f5 Qe7 31. Rg1 Nc6 32. Qh3 {And now f6 would win.} Qd7 33. Qh4 Re8 {[#]} (33... Ne5 $16) 34. Qc4 $2 (34. Be4 $1 $18) 34... Ne5 $16 35. Qf4 Nd3 36. Bxd3 $1 Qxd3 {[%mdl 4096] Endgame KQR-KQR} 37. Rf1 Qd5+ 38. Kg1 Qc5+ (38... Kg8 $1 $11) 39. Qf2 Qb4 40. f6 $40 {[%mdl 128] Threatening mate with fxg7+. White attacks with force.} Qg4+ 41. Qg2 Qd4+ 42. Kh1 Rf8 $2 (42... Qd3 $16) 43. Qxb7 $18 {[%csl Gf6][%cal Rb7g7]} gxf6 44. gxf6 Rxf6 45. Rxf6 Qxf6 {[%cal Rf6f1] KQ-KQ} 46. Qb8+ ({Stronger than} 46. Qxa7 Qf1+ 47. Qg1 Qf3+ 48. Qg2 Qd1+ 49. Qg1 Qf3+ 50. Qg2 Qd1+ 51. Qg1 Qf3+ $11) 46... Kg7 {[%cal Rf6f1]} 47. Qxa7+ Kg6 (47... Kf8 {might work better.} 48. Qc5+ Kg7) 48. Qe3 h5 49. a4 {[%cal Ba2a4,Ba4a5][%mdl 32]} h4 $2 (49... Qd8 50. Qc3 Qd1+ 51. Kg2 Qd5+ 52. Kg1 h4) 50. Kg2 Qf5 51. Qf3 Qe6 52. a5 h3+ 53. Kg3 Qe5+ 54. Kxh3 Qxa5 55. Qe4+ Kg7 56. b4 Qb6 57. Qe5+ Kh7 58. b5 Qb7 59. Kg3 Qf7 60. Qe4+ Kh8 61. Qd4+ Kh7 62. b6 Qg6+ 63. Kf3 Qh5+ 64. Kg3 {White threatens Qh4 and mate.} Qg6+ 65. Kh3 Qe6+ 66. Kg2 Qg6+ 67. Kf2 Qc2+ 68. Ke3 {White wants to mate with Qe4+.} Qxh2 69. Qd7+ Kg6 70. Qe6+ Kg7 71. Qg4+ Kh7 72. Qe4+ (72. Qf5+ $142 Kg7 73. Qg5+ Kh7 74. b7 Qc7 75. Qh4+ Kg8 76. Qg4+ Kh7 77. Qf5+ Kg7 78. Qg4+ Kh7 79. Qe4+ Kg7 80. Kf3 Qc3+ 81. Kf4 Qc1+ 82. Kf5 Qf1+ 83. Kg4 Qd1+ 84. Kg3 Qb3+ 85. Kg4) 72... Kg7 73. Qd4+ (73. b7 $142 Qg3+ 74. Qf3 Qe1+ 75. Kf4 Qc1+ 76. Kg3 Qb2 77. Qg4+ Kh7 78. Qf5+ Kg7 79. Qd7+ Kg6 80. Qd6+ Kh5 81. Qc5+ Kg6 82. Qd6+ Kh5 83. b8=Q Qc3+ 84. Kh2 Qc2+ 85. Kh3 Qf5+ 86. Kg3) 73... Kg6 74. Kd3 Qa2 75. Qc5 Kf6 76. Kd4 (76. Qc6+ $142 Kg5 77. Qb5+ Kh6 78. b7 Qa3+ 79. Kd4 Qa1+ 80. Kd5 Qd1+ 81. Kc6) 76... Qd2+ 77. Kc4 Ke6 78. Qc6+ Ke7 79. b7 Qc2+ 80. Kb5 Qd3+ 81. Kb6 Qb3+ 82. Qb5 Qe6+ 83. Qc6 Qb3+ 84. Ka7 Qa3+ 85. Kb8 Kd8 86. Qb6+ Kd7 87. Qb5+ Ke7 88. Qe5+ Kd7 89. Qd5+ Ke7 90. Kc7 Qg3+ 91. Kb6 {White mates.} Qg6+ 92. Ka5 Qb1 93. Qe5+ Kd7 94. b8=Q {[%csl Gb8][%cal Re5e8]} Qa2+ 95. Kb4 {[%csl Gb8][%cal Re5e8]} Qb1+ 96. Kc4 {[%csl Gb8][%cal Re5e8]} Qf1+ 97. Kd5 {[%csl Gb8][%cal Re5e8]} Qf7+ 98. Ke4 {[%csl Gb8][%cal Re5d6]} Qd5+ 99. Qxd5+ Ke7 {Precision: White = 64%, Black = 30%.} 1-0

[Event "Gideon Japhet ACP Open 2018"]
[Site "Jerusalem"]
[Date "2018.07.03"]
[Round "4"]
[White "Gruenfeld, Yehuda"]
[Black "Gleizer, Mark"]
[Result "1-0"]
[WhiteElo "2419"]
[BlackElo "2161"]
[Annotator "NA"]
[PlyCount "81"]
[EventDate "2018.07.01"]
[EventType "swiss"]
[EventCountry "ISR"]
[SourceTitle "playchess.com"]
[Source "ChessBase"]
[SourceQuality "1"]
[TimeControl "40/5400+30:1800+30"]

1. e4 {[%emt 0:00:00]} d5 {[%emt 0:00:00]} 2. exd5 {[%emt 0:01:16]} Qxd5 {[%emt 0:00:00]} 3. Nc3 {[%emt 0:00:04]} Qd6 {[%emt 0:00:00]} 4. d4 {[%emt 0:00:08]} Nf6 {[%emt 0:00:04]} 5. Nf3 {[%emt 0:00:48]} g6 {[%emt 0:00:16]} 6. Ne5 {[%emt 0:05:58]} Bg7 {[%emt 0:00:18]} 7. Be2 {[%emt 0:08:33]} c6 {[%emt 0:08:35]} 8. Bf4 {[%emt 0:02:26]} Qd8 {[%emt 0:04:25]} 9. Qd2 {[%emt 0:03:25]} Be6 {[%emt 0:08:37]} 10. O-O {[%emt 0:06:16]} Nbd7 {[%emt 0:02:38]} 11. Rfe1 {[%emt 0:04:38]} O-O {[%emt 0:08:49]} 12. h3 {[%emt 0:02:52]} Re8 {[%emt 0:04:20]} 13. Nf3 {[%emt 0:07:14]} Bd5 {[%emt 0:03:07]} 14. Nxd5 {[%emt 0:01:12]} cxd5 {[%emt 0:01:29]} 15. Bd3 {[%emt 0:00:09]} a6 {[%emt 0:06:24]} 16. a4 {[%emt 0:02:22]} e6 {[%emt 0:04:41]} 17. Bh6 {[%emt 0:06:15]} Re7 {[%emt 0:04:12]} 18. Bg5 {[%emt 0:03:23]} Qf8 {[%emt 0:05:05]} 19. a5 {[%emt 0:01:50]} Ree8 {[%emt 0:00:59]} 20. Ra3 {[%emt 0:01:18]} Nb8 {[%emt 0:02:34]} 21. Rb3 {[%emt 0:01:15]} Ra7 {[%emt 0:01:19]} 22. Ne5 {[%emt 0:11:01]} Rc8 {[%emt 0:02:36]} 23. Bf4 {[%emt 0:03:56]} Nc6 {[%emt 0:01:20]} 24. Nxc6 {[%emt 0:03:30]} Rxc6 {[%emt 0:00:09]} 25. Ra1 {[%emt 0:00:43]} Qc8 {[%emt 0:03:02]} 26. Ra4 {[%emt 0:02:28]} Bf8 {[%emt 0:01:09]} 27. Qe2 {[%emt 0:01:50]} Ne8 {[%emt 0:02:18]} 28. c4 {[%emt 0:06:04]} dxc4 {[%emt 0:00:38]} 29. Bxc4 {[%emt 0:01:05]} Nd6 {[%emt 0:00:54]} 30. Bd3 {[%emt 0:00:09]} Ra8 {[%emt 0:02:24]} 31. Qf3 {[%emt 0:03:15]} Rb8 {[%emt 0:02:08]} 32. Ra1 {[%emt 0:04:14]} b5 {[%emt 0:02:08]} 33. d5 {[%emt 0:00:47]} exd5 {[%emt 0:00:49]} 34. Qxd5 {[%emt 0:00:08]} Rb7 {[%emt 0:00:25]} 35. Rd1 {[%emt 0:03:05]} Rc5 {[%emt 0:04:21]} 36. Qf3 {[%emt 0:00:26]} Nc4 {[%emt 0:06:25]} 37. Bxc4 {[%emt 0:00:12]} Rxc4 {[%emt 0:00:14]} 38. Rbd3 {[%emt 0:00:04]} Be7 {[%emt 0:01:07]} 39. Bh6 {[%emt 0:02:02]} Rcc7 {[%emt 0:04:21]} 40. Qe4 {[%emt 0:02:20]} Bf6 {[%emt 0:02:11]} 41. Rd8+ 1-0

[Event "Gideon Japhet ACP Open 2018"]
[Site "Jerusalem"]
[Date "2018.07.03"]
[Round "4"]
[White "Erenberg, Ariel"]
[Black "Gurbanov, Andrei"]
[Result "1-0"]
[WhiteElo "2393"]
[BlackElo "2335"]
[Annotator "NA"]
[PlyCount "77"]
[EventDate "2018.07.01"]
[EventType "swiss"]
[EventCountry "ISR"]
[SourceTitle "playchess.com"]
[Source "ChessBase"]
[SourceQuality "1"]
[TimeControl "40/5400+30:1800+30"]

1. d4 {[%emt 0:00:00]} Nf6 {[%emt 0:00:06]} 2. c4 {[%emt 0:00:04]} e6 {[%emt 0:00:41]} 3. Nc3 {[%emt 0:00:07]} Bb4 {[%emt 0:01:45]} 4. f3 {[%emt 0:00:05]} c5 {[%emt 0:01:21]} 5. d5 {[%emt 0:00:08]} b5 {[%emt 0:05:50]} 6. e4 {[%emt 0:00:10]} bxc4 {[%emt 0:01:08]} 7. Bxc4 {[%emt 0:00:30]} e5 {[%emt 0:07:20]} 8. Bg5 {[%emt 0:17:06]} h6 {[%emt 0:04:51]} 9. Bh4 {[%emt 0:00:19]} d6 {[%emt 0:00:11]} 10. Nge2 {[%emt 0:01:25]} O-O {[%emt 0:01:51]} 11. O-O {[%emt 0:00:13]} g5 {[%emt 0:01:24]} 12. Bf2 {[%emt 0:09:17]} Nh5 {[%emt 0:00:25]} 13. Be3 {[%emt 0:06:29]} Nd7 {[%emt 0:05:28]} 14. a3 {[%emt 0:06:36]} Ba5 {[%emt 0:01:02]} 15. Rb1 {[%emt 0:00:27]} Ndf6 {[%emt 0:03:07]} 16. Qe1 {[%emt 0:11:42]} Rb8 {[%emt 0:01:17]} 17. Qf2 {[%emt 0:01:56]} Nf4 {[%emt 0:01:31]} 18. Kh1 {[%emt 0:01:00]} N6h5 {[%emt 0:04:10]} 19. Ng3 {[%emt 0:04:30]} Ng7 {[%emt 0:00:22]} 20. b4 {[%emt 0:05:15]} cxb4 {[%emt 0:01:54]} 21. Bxa7 {[%emt 0:00:15]} Rb7 {[%emt 0:05:13]} 22. axb4 {[%emt 0:00:07]} Bxb4 {[%emt 0:03:44]} 23. Nb5 Ba5 {[%emt 0:04:01]} 24. Be3 {[%emt 0:03:50]} f5 {[%emt 0:03:32]} 25. Nxd6 {[%emt 0:16:26]} Qxd6 {[%emt 0:10:37]} 26. Bc5 {[%emt 0:00:00]} Qb8 {[%emt 0:00:25]} 27. Rxb7 {[%emt 0:00:53]} Bxb7 {[%emt 0:00:07]} 28. Bxf8 {[%emt 0:00:08]} Qxf8 {[%emt 0:00:02]} 29. d6+ {[%emt 0:06:57]} Kh7 {[%emt 0:00:07]} 30. Qc5 {[%emt 0:00:41]} fxe4 {[%emt 0:03:42]} 31. Nxe4 {[%emt 0:02:39]} Bxe4 {[%emt 0:08:00]} 32. fxe4 {[%emt 0:00:04]} Bc3 {[%emt 0:00:58]} 33. Qc6 {[%emt 0:04:23]} Qb8 {[%emt 0:01:23]} 34. d7 {[%emt 0:00:22]} Qb2 {[%emt 0:04:23]} 35. Bg8+ {[%emt 0:02:38]} Kxg8 {[%emt 0:00:04]} 36. d8=Q+ {[%emt 0:00:04]} Kh7 {[%emt 0:00:04]} 37. Rg1 {[%emt 0:00:16]} Bd4 {[%emt 0:00:11]} 38. Qdf6 {[%emt 0:00:59]} Nfe6 {[%emt 0:05:04]} 39. Rf1 {[%emt 0:00:04]} 1-0

[Event "Gideon Japhet ACP Open 2018"]
[Site "Jerusalem"]
[Date "2018.07.03"]
[Round "4"]
[White "Veinberg, Nimrod"]
[Black "Yaniv, Ori"]
[Result "1/2-1/2"]
[WhiteElo "2390"]
[BlackElo "1913"]
[Annotator "NA"]
[PlyCount "82"]
[EventDate "2018.07.01"]
[EventType "swiss"]
[EventCountry "ISR"]
[SourceTitle "playchess.com"]
[Source "ChessBase"]
[SourceQuality "1"]
[TimeControl "40/5400+30:1800+30"]

1. Nf3 {[%emt 0:00:00]} Nf6 {[%emt 0:00:00]} 2. c4 {[%emt 0:00:52]} g6 {[%emt 0:00:10]} 3. Nc3 {[%emt 0:00:06]} Bg7 {[%emt 0:00:17]} 4. e4 {[%emt 0:00:30]} d6 {[%emt 0:00:10]} 5. d4 {[%emt 0:00:05]} O-O {[%emt 0:00:09]} 6. h3 {[%emt 0:00:03]} e5 {[%emt 0:00:34]} 7. d5 {[%emt 0:02:34]} Na6 {[%emt 0:00:07]} 8. Bg5 {[%emt 0:00:16]} Qe8 {[%emt 0:00:24]} 9. Be2 {[%emt 0:01:23]} Nd7 {[%emt 0:00:34]} 10. g4 {[%emt 0:02:26]} Ndc5 {[%emt 0:00:19]} 11. Rg1 {[%emt 0:04:03]} Kh8 {[%emt 0:02:22]} 12. Qd2 {[%emt 0:00:48]} f5 {[%emt 0:06:37]} 13. gxf5 {[%emt 0:00:29]} gxf5 {[%emt 0:00:08]} 14. Bh6 {[%emt 0:01:10]} Rg8 {[%emt 0:17:01]} 15. Bxg7+ {[%emt 0:01:50]} Rxg7 {[%emt 0:00:10]} 16. Rxg7 {[%emt 0:00:51]} Kxg7 {[%emt 0:00:10]} 17. exf5 {[%emt 0:00:36]} Bxf5 {[%emt 0:08:36]} 18. O-O-O {[%emt 0:00:38]} Bg6 {[%emt 0:04:39]} 19. Rg1 {[%emt 0:02:06]} Qf7 {[%emt 0:18:45]} 20. Rg4 {[%emt 0:21:35]} Rf8 {[%emt 0:07:31]} 21. b3 {[%emt 0:02:26]} Qf5 {[%emt 0:04:13]} 22. Kb2 {[%emt 0:01:23]} Nb4 {[%emt 0:01:20]} 23. Rg2 {[%emt 0:26:32]} Nbd3+ {[%emt 0:02:46]} 24. Ka3 {[%emt 0:00:08]} Nf4 {[%emt 0:00:46]} 25. Rg5 {[%emt 0:03:24]} Qxh3 {[%emt 0:02:02]} 26. Rg3 {[%emt 0:00:14]} Qf5 {[%emt 0:00:17]} 27. Nh4 {[%emt 0:00:51]} Qf6 {[%emt 0:00:33]} 28. Nxg6 {[%emt 0:00:07]} hxg6 {[%emt 0:01:21]} 29. b4 {[%emt 0:00:24]} Nd7 {[%emt 0:03:53]} 30. Bg4 {[%emt 0:00:58]} Qe7 {[%emt 0:06:09]} 31. Kb3 {[%emt 0:00:55]} Nf6 {[%emt 0:00:35]} 32. Bd1 {[%emt 0:00:13]} N6h5 {[%emt 0:00:41]} 33. Rg4 {[%emt 0:01:11]} Nf6 {[%emt 0:00:12]} 34. Rg1 {[%emt 0:01:15]} c6 {[%emt 0:03:22]} 35. Bc2 {[%emt 0:00:01]} cxd5 {[%emt 0:00:57]} 36. cxd5 {[%emt 0:00:02]} Qf7 {[%emt 0:00:47]} 37. Kb2 {[%emt 0:00:29]} Rc8 {[%emt 0:01:04]} 38. a3 {[%emt 0:05:17]} a6 {[%emt 0:03:33]} 39. Qd1 {[%emt 0:08:31]} Qc7 {[%emt 0:02:12]} 40. Rg3 {[%emt 0:00:47]} N6h5 {[%emt 0:02:27]} 41. Re3 {[%emt 0:31:42]} b5 {[%emt 0:02:33]} 1/2-1/2